00281pam a2200109 a 4500020000500000041000500005082001100010100002600021245005400047260006200101300000800163 c h a657.42 aLAL (Jawahar)eauthor aCost Management for Final Exam.hTextual Document bTata McGraw-Hil Publication Company Limited . Delhic2005 a876